Religions of Vietnam - Statistics

General Stats
  • This quiz has been taken 490 times
    405 since last reset
  • The average score is 4 of 6
Answer Stats
% Religion % Correct
12.2 Buddhism
95%
6.8 Catholicism
94%
1.5 Protestantism
90%
45.3 Vietnamese folk religion
71%
4.8 Caodaism
28%
1.4 Hoahaoism
12%
No matching quizzes found
Score Distribution
Percent of People with Each Score
Percentile by Number Answered
Your Score History
You have not taken this quiz since the last reset